000 01281nam a22003377a 4500
003 CHAP
005 20220329133947.0
008 971013s1992 r 00010 d
010 _a13276
011 _a14248
035 _a18321
040 _cCHAP
090 _aTesis
100 0 0 _aToledo Arreola, Jorge.
_9113607
245 _aDosis óptima de irradiación a pupas de Anastrepha serpentina (Wiedeman) (Diptera : Tephritidae) para la obtención de adultos estériles sexualmente competitivos
260 _aMonterrey, N.L. :
_bEl autor,
_c1992
300 _a68 h.
_b: Ilus. ; gráfs.
502 _aTesis (M.C. Esp. en Sanidad Vegetal) -- ITESM. División de Graduados e Investigación. Programa de Graduados en Agricultura
590 _aALEPH
_b10
_c20130110
_lUCH01
_h1232
590 _aBATCH-UPD
_b10
_c20130110
_lUCH01
_h0302
590 _aBATCH-UPD
_b10
_c20130110
_lUCH01
_h1414
590 _aBATCH-UPD
_b10
_c20130410
_lUCH01
_h1527
590 _aBATCH-UPD
_b10
_c20130914
_lUCH01
_h0324
590 _aCONVERSION
_b10
_c20130109
_lUCH01
_h1309
650 1 4 _aAnastrepha serpentina.
_95489
650 1 4 _aEsterilidad en insectos.
_938291
650 1 4 _aRadiación
_xEfecto en insectos.
_993670
901 _aBK
942 _cTESIS
949 _bBC
_cTES
_d-42786
_eTS1
_h30247
_i18321
_si
999 _c13276
_d13276